000 00491nam a22001217a 4500
008 230626b xxu||||| |||| 00| 0 eng d
082 _a330.97
_bCPK
100 _cColony and Protectorate of Kenya
245 _aReport of the Committee to carry out an Economic Survey of South Nyanza and Kericho District
_bWith a view to advising whether the economic potential would justify Rail Development
260 _aKenya
_bColony and Protectorate of Kenya
300 _avarious panging
942 _2ddc
_cBK
999 _c2579
_d2579